Office solutions the magazine for office professionals.

Detalles Bibliográficos
Título anterior:Office systems (Georgetown, Conn.)
Formato: Electrónico Revista
Lenguaje:inglés
Publicado: Woodlands, TX : Quality Pub., c2000-
Materias:
Acceso en línea:Full text available from Research Library: 01/01/2000 to 12/31/2009

MARC

LEADER 00000nas a2200000 a 4500
001 ssj0002508
003 WaSeSS
005 20200512172242.0
006 m d
007 cr n
008 000124c20009999txuqr p s 0 a0eng c
010 |a  00252060  
015 |a 022871543  |2 dnb 
016 7 |a 2063649-0  |2 DE-600 
016 7 |a 007181146  |2 Uk 
016 7 |a 022871543  |2 DE-101 
022 |l 1529-1804  |y 1529-1804 
032 |a 728390  |b USPS 
035 |a (WaSeSS)ssj0002508 
037 |b Quality Pub., 523 N. Sam Houston Parkway East, Suite 300, Houston, TX 77060 
040 |a PZZ  |b eng  |c PZZ  |d NOS  |d WAU  |d NSD  |d IUL  |d GUA  |d ZYU  |d OCLCQ  |d GBVCP  |d UKMGB  |d OCLCQ  |d OCLCF  |d GILDS  |d RDF  |d OCLCO  |d CBA  |d OCLCO  |d ZAS  |d OCLCO  |d WaSeSS 
042 |a pcc  |a nsdp 
050 1 4 |a HF5548  |b .O523 
082 1 0 |a 651  |2 13 
210 0 |a Off. solut. mag. 
222 0 |a Office solutions magazine 
245 0 0 |a Office solutions  |h [electronic resource] :  |b the magazine for office professionals. 
246 1 3 |a OfficeSolutions 
246 1 3 |a OfficeSolutions magazine 
260 |a Woodlands, TX :  |b Quality Pub.,  |c c2000- 
310 |a Quarterly,  |b <2007-> 
321 |a Monthly,  |b 2000 
321 |a Monthly (except June),  |b 2001 
321 |a Monthly (with combined issues for July/Aug., Sept./Oct. and Nov./Dec.),  |b 2002 
321 |a Bimonthly,  |b 2003- 
362 0 |a Vol. 17, no. 1 (Jan. 2000)- 
500 |a Title from cover. 
500 |a Published: Houston, Tex., Feb. 2000- ; OfficeVision, Inc., <2007-> 
506 |a License restrictions may limit access. 
588 |a Latest issue consulted: Vol. 24, no. 2 (Apr. 2007). 
650 0 |a Office equipment and supplies  |v Periodicals. 
650 0 |a Electronic office machines  |v Periodicals. 
650 7 |a Electronic office machines.  |2 fast  |0 (OCoLC)fst00907389 
650 7 |a Office equipment and supplies.  |2 fast  |0 (OCoLC)fst01044109 
655 0 |a Electronic journals. 
780 0 0 |t Office systems (Georgetown, Conn.)  |x 8750-3441  |w (DLC) 88641042  |w (OCoLC)11202805 
853 2 0 |8 1  |a v.  |b no.  |u 12  |v r  |i (year)  |j (month)  |w m  |x 01 
853 2 0 |8 2  |a v.  |b no.  |u 11  |v r  |i (year)  |j (month)  |w 11  |x 01  |y om07 
853 2 0 |8 3  |a v.  |b no.  |u 9  |v r  |i (year)  |j (month)  |w 9  |x 01  |y pm01,02,03,04,05,06,07/08,09/10,11/12 
853 2 0 |8 4  |a v.  |b no.  |u 6  |v r  |i (year)  |j (month/month)  |w b  |x 01/02 
856 4 0 |z Full text available from Research Library: 01/01/2000 to 12/31/2009  |u https://search.proquest.com/publication/27472 
863 4 1 |8 1.1  |a 17  |b 1  |i 2000  |j 01 
863 4 1 |8 2.1  |a 18  |b 1  |i 2001  |j 01 
863 4 1 |8 3.1  |a 19  |b 1  |i 2002  |j 01 
863 4 1 |8 4.1  |a 20  |b 1  |i 2003  |j 01/02